Bilecik Bilecik Bilecik Bilecik Bilecik

Benim hayatım hep böyle mi geçecek?/ (Record no. 60957)

MARC details
000 -BAŞLIK
Sabit Uzunluktaki Kontrol Alanı 01479nam a22003137a 4500
001 - KONTROL NUMARASI
Control Dosyası 0061158
003 - KONTROL NUMARASI KİMLİĞİ
Kontrol Alanı KOHA_MİRAKIL
005 - EN SON İŞLEM TARİHİ ve ZAMANI
Kontrol Alanı 20260207004328.0
007 - FİZİKSEL TANIM SABİT ALAN - GENEL BİLGİ
Sabit uzunluklu kontrol alanı ta
008 - SABİT UZUNLUKTAKİ VERİ ÖGELERİ - GENEL BİLGİ
Sabit Alan 170912b2016 tu |||gr||||#||||0|tur |
020 ## - ISBN - ULUSLARARASI STANDART KİTAP NUMARASI
Isbn 9786051731025
040 ## - KATALOGLAMA KAYNAĞI
Özgün Kataloglama Kurumu TR-BiSEU
Kataloglama Dili tur
Çeviri Kurumu TR-BiSEU
Açıklama Kuralları rda
041 0# - DİL KODU
Metin ya da ses kaydının dil kodu tur
044 ## - YAYINLAYAN/ÜRETEN KURULUŞUN ÜLKE KODU
ISO country code tu
050 ## - SINIFLAMA ve YER NUMARASI
Sınıflama Numarası RC535
Yer Numarası .B55 2016
100 1# - KİŞİ ADI
Yazar Adı (Kişi adı) Bilgen, İbrahim.
245 1# - ESER ADI BİLDİRİMİ
Başlık Benim hayatım hep böyle mi geçecek?/
Sorumluluk Bildirimi İbrahim Bilgen ; İbrahim Bilgen ; editör Elif Dinçer.
246 ## - DEĞİŞİK BAŞLIK FORMU
Başlık uygun / kısa başlık Panik atağın tuzakları ve kurtulma yolları
250 ## - BASIM BİLDİRİMİ
Basım Bildirimi 2. Baskı
264 #1 - ÜRERİM, YAYIN, DAĞITIM ve TELİF BİLDİRİMİ
Yayın yeri İstanbul :
Yayınlayan Epsilon Yayıncılık
Yayın tarihi 2016
300 ## - FİZİKSEL TANIMLAMA
Sayfa, Cilt vb. 189 sayfa
336 ## - İÇERİK TÜRÜ
Content type term metin
Content type code txt
Source rdacontent
337 ## - MEDYA TÜRÜ
Media type term aracısız
Media type code n
Source rdamedia
338 ## - TAŞIYICI TÜRÜ
Carrier type term cilt
Carrier type code nc
Source rdacarrier
505 ## - İÇİNDEKİLER NOTU
İçindekiler Notu "Bu kitabı okurken karşılıklı konuştuğumuzu ve seansta olduğumuzu hissetmenizi arzu ettim." Son zamanlarda tüm dünyada toplum sağlığı için ciddi bir tehdit haline gelen panik atak, modern hayatın yarattığı stres, belirsizlik, maddi ve manevi sıkıntılarla birlikte gittikçe daha çok insanı etkilemektedir.Psikiyatr/Psikoterapist Dr.İbrahim Bilgen bu kitabında, panik atak ile ilgili yanlış inanış ve davranışları sıralayarak, bu konudaki önemli noktaların bilinmesini sağlamayı ve sizlere çıkış yolları sunmayı amaçlamaktadır.
650 #0 - KONU BAŞLIĞI EK GİRİŞ - KONU TERİMİ
Konusal terim veya coğrafi ad Panik atak.
9 (RLIN) 113290
650 #0 - KONU BAŞLIĞI EK GİRİŞ - KONU TERİMİ
Konusal terim veya coğrafi ad Panic attacks.
9 (RLIN) 113291
942 ## - EK GİRİŞ ÖGELERİ (KOHA)
Source of classification or shelving scheme Library of Congress Classification
Koha item type Book
Holdings
Materyal Türü Kalıcı Konum Mevcut Konum Raf Yeri Sınıflandırma Kaynağı Edinim Bilgisi Ana Konular Alt Konular Yer Numarası Demirbaş Numarası Fatura Tarihi Geri Çekilme Durumu Kayıp Durumu Hasarlı Durumu Kredi için değil Kayıt Tarih Toplam Ödünçverme Son Görülme Tarihi Son Kontrol Tarihi
Book Prof. Dr. Azmi Özcan Kütüphanesi Prof. Dr. Azmi Özcan Kütüphanesi Uluğbey Salonu Library of Congress Classification Satın TIP Dahiliye RC535 .B55 2016 0061158 02/02/2026         12/09/2017 12 05/12/2024 05/12/2024